000 00744nam a2200205Ii 4500
003 JO-AjNU
008 230605s9999||||xx |||||||||||||| ||und||
040 _aJO-AjNU
_bara
_erda
_cJO-AjNU
041 _aara
050 1 4 _ak3460.S5264.1984
100 3 _a الشيخلي ، عبد القادر,
_eauthor
_937850
245 0 0 _aرئيس المجلس البلدي " دراسة تحليلية مقارنة "
250 _a(د،ط)
264 3 1 _aعمان : دار الفكر العربي ، 1984
300 _a104ص
336 _atext
_btxt
_2rdacontent
337 _aunmediated
_bn
_2rdamedia
338 _avolume
_bnc
_2rdacarrier
650 4 _aالادارة المحلية - العراق -- المجالس البلدية - العراق
_937851
999 _aA15853
_c19421
_d19421